Movies Quiz

Random Movies Quiz

Movie Cops Quiz Stats

Quiz Updated Jul 3, 2012

Also try: TV Cops
Challenge
Share
Tweet
Score 0/24 Timer 06:00
0 Plays Today
# Movie % Correct
Die Hard: With a Vengeance
94.8%
The Silence of the Lambs
81.2%
Fargo
77.1%
Bad Boys II
76.1%
RoboCop
71.6%
The Dark Knight
71.3%
The Naked Gun
67.5%
Training Day
64.5%
The Other Guys
62.3%
The Departed
60.5%
Police Academy
59.8%
Hot Fuzz
56.4%
# Movie % Correct
The Untouchables
56.3%
Superbad
51.1%
Beverly Hills Cop
51%
Heat
48.1%
Serpico
46.8%
Super Troopers
46%
Dragnet
41.9%
Fast Five
41%
The French Connection
40.5%
Point Break
40%
Demolition Man
34.9%
Cop Land
34.3%

You're not logged in!

Compare scores with friends on all Sporcle quizzes.
Sign Up with Email
OR
Log In

You Might Also Like...

Show Comments

Extras

Top Quizzes Today


Score Distribution

Your Account Isn't Verified!

In order to create a playlist on Sporcle, you need to verify the email address you used during registration. Go to your Sporcle Settings to finish the process.